00935 a2200169 4500003000500000005001700005040000900022082001600031245008600047260002700133300002000160505039400180650003500574942001200609999001900621952012500640Nust20221208131651.0 cNust a621.382,LIN aLinear integrated circuits :bfor commercial applications /cHarris semiconductor aUSAbHarris pubc1991. avarious paging, antroduction to Integrated Circuit (Page-1), Operational Amplifiers (Page-34), Amplifier Circuits (Page-79), Applications of Operational Amplifiers (Page-138), Comparators (Page-172), Active Filters (Page-210), Linear Power Supplies (Page-280), Integrated Circuit Regulators (Page-324), Switch-Mode Power Supplies (Page-385), Oscillator Circuits (Page-445), Integrated Circuits (Page-541),  aTelecommunication engineering. 2ddccBK c213790d213790 00102ddc4070aMCSbMCScGENd2016-12-12o621.382,LINpMCS36280r2016-12-08w2016-12-12yBKzAlmirah No.35, Shelf No.4